| 000 | 00000nam##2200000za#4500 |
| 001 | 9.700098 |
| 003 | CaOODSP |
| 005 | 20210625000700 |
| 007 | cr ||||||||||| |
| 008 | 150407|2014||||xxc|||||o f|0| 0 eng|d |
| 020 | |a978-1-100-25306-0 |
| 040 | |aCaOODSP|beng |
| 043 | |an-cn--- |
| 086 | 1 |aCS62-553/2014E-PDF |
| 245 | 04|aThe Canadian consumer price index reference paper |h[electronic resource] |
| 260 | |aOttawa - Ontario : |bStatistics Canada |cDecember 19, 2014. |
| 300 | |a90p.|bfigs., references, tables |
| 590 | |a15-10|b2015-03-06 |
| 690 | 07|aPrice indexes|2gcpds |
| 710 | 2 |aStatistics Canada. |
| 775 | 08|tLe document de référence de l'Indice des prix à la consommation canadien |w(CaOODSP)9.644012 |
| 856 | 40|ahttp://publications.gc.ca|qPDF|s995 KB|uhttps://publications.gc.ca/collections/collection_2015/statcan/62-553-x2014001-eng.pdf |